00680 2200229 4500001002100000005001500021035002000036007000300056008004100059020001800100082000800118084001400126100001500140245011700155260003100272300003200303650003300335700003000368520003000398990001100428990001100439INLIS00000000000211720180724111256 a0010-0718000069ta180724 g 0 ind  a9786023757695 a427 a427 FAR j0 aFARIDA, Al1 aJago Kuasai Bahasa Inggris Ala Kampung Inggris Pare 2 (Next Step) /cFarida Al; editor, Teresa Iswara Widyasmara aJakarta :bGrasindo,c2016 ahlm. 247 :bilus. ;c21 cm. aBAHASA INGGRIS-BAHASA TEKNIK0 aTERESA, Iswara Widyasmara abibliografi: hlm. 246-247 a16788a a16788b